|
|
|
|
| LEADER |
00000nam0a2200000 4500 |
| 001 |
132682 |
| 005 |
20231101220400.0 |
| 010 |
|
|
|a 5472010829
|
| 035 |
|
|
|a (RuTPU)RU\TPU\book\143671
|
| 090 |
|
|
|a 132682
|
| 100 |
|
|
|a 20080305d2006 km y0rusy50 ca
|
| 101 |
0 |
|
|a rus
|
| 102 |
|
|
|a RU
|
| 105 |
|
|
|a y eg 000zy
|
| 200 |
1 |
|
|a Краткий англо-русский русско-английский словарь-справочник химических терминов с произношением
|e около 6000 словарных статей
|e учебное пособие
|f под ред. М. М. Кутеповой
|
| 210 |
|
|
|a Москва
|c Экзамен
|d 2006
|
| 215 |
|
|
|a 318 с.
|
| 225 |
1 |
|
|a Словарь
|
| 330 |
|
|
|a Настоящий словарь создан коллективом авторов кафедры английского языка химического факультета Московского государственного университета им. М.В. Ломоносова и содержит термины, относящиеся к неорганической и органической химии. Дополнительно в него включены термины из физической химии, биохимии, энзимологии, химии нефти и газа, а также термины, связанные с -химическим лабораторным оборудованием (около 6000 словарных статей). Назначение данного словаря - дать наиболее распространенные термины по химии и указать их правильное произношение. Для студентов химических и химико-технологических вузов, переводчиков (устных и письменных), а также для специалистов, которым в целях научного общения приходится пользоваться химическими терминами и работать со специальной технической литературой.
|
| 606 |
1 |
|
|a Химия
|2 stltpush
|3 (RuTPU)RU\TPU\subj\17362
|9 43035
|
| 610 |
1 |
|
|a английский язык
|
| 610 |
1 |
|
|a словари
|
| 610 |
1 |
|
|a лексика
|
| 610 |
1 |
|
|a параллельные словари
|
| 610 |
1 |
|
|a терминологические словари
|
| 610 |
1 |
|
|a химические термины
|
| 675 |
|
|
|a 54(03)
|v 3
|
| 686 |
|
|
|a Ш143.21-48
|v LBC/SL-A
|2 rubbk
|
| 702 |
|
1 |
|a Кутепова
|b М. М.
|g Маргарита Михайловна
|4 340
|
| 801 |
|
1 |
|a RU
|b 63413507
|c 20080305
|g PSBO
|
| 801 |
|
2 |
|a RU
|b 63413507
|c 20131230
|g PSBO
|
| 942 |
|
|
|c BK
|
| 959 |
|
|
|a 27/20080305
|d 1
|e 0
|f ЧЗИЛ:1
|